| Поле | Инд. | ПП | Название | Значение |
|---|---|---|---|---|
| Тип записи | a | |||
| Библиографический уровень | a | |||
| 001 | Контрольный номер | 31c6699c8cc849ea8be0de49376b0cc9 | ||
| 005 | Дата корректировки | 20181120134555.5 | ||
| 100 | a | Данные общей обработки | 20180921 ||| 0rusy0189 ca | |
| 101 | 0_ | a | Язык текста | rus |
| 102 | a | Страна публикации | RU | |
| 200 | 1_ | f | Первые сведения об ответственности | В. Устюкова |
| a | Заглавие | Выкуп земельного участка арендатором: проблемы нормативного регулирования и правоприменения | ||
| b | Общее обозначение материала | Текст | ||
| 210 | d | Дата издания | 2018 | |
| 461 | _0 | 1 | 2000 | |
| a | Хозяйство и право | |||
| 463 | _0 | 1 | 2000 | |
| a | №7 | |||
| v | С. 17-23 | |||
| 1 | 2101 | |||
| d | 2018 | |||
| 1 | 001839d1e69363e43d888a47bb7ff14743e | |||
| 606 | a | Основная рубрика | Природоресурсное право. Природоохранительное право | |
| 610 | 0_ | a | Ключевые слова | ЗЕМЕЛЬНОЕ ПРАВО |
| a | Ключевые слова | ЗЕМЛИ СЕЛЬСКОХОЗЯЙСТВЕННОГО НАЗНАЧЕНИЯ | ||
| a | Ключевые слова | ЗЕМЛЕПОЛЬЗОВАНИЕ | ||
| a | Ключевые слова | ДОГОВОР АРЕНДЫ | ||
| a | Ключевые слова | ДОГОВОР КУПЛИ-ПРОДАЖИ | ||
| a | Ключевые слова | ПРАВОВОЕ РЕГУЛИРОВАНИЕ | ||
| 700 | _1 | a | Фамилия | Устюкова |
| b | Имя | В. | ||
| 801 | _0 | a | Страна | RU |
| b | Организация | РГУП | ||
| c | Дата составления | 20180921 | ||
| g | Правила каталогизации | PSBO | ||
| 801 | _1 | a | Страна | RU |
| b | Организация | РГУП | ||
| c | Дата составления | 20180921 | ||
| g | Правила каталогизации | PSBO | ||
| 901 | t | Тип документа | b | |
| w | Контрольный № источника | 839d1e69363e43d888a47bb7ff14743e | ||
| 905 | a | Дата ввода | 20180921 |